Eocene of Virginia, (Record no. 27898)

MARC details
000 -LEADER
fixed length control field 01007cam a22002771 4500
001 - CONTROL NUMBER
control field gs 43000055
003 - CONTROL NUMBER IDENTIFIER
control field DLC
005 - DATE AND TIME OF LATEST TRANSACTION
control field 20260227111349.0
008 - FIXED-LENGTH DATA ELEMENTS--GENERAL INFORMATION
fixed length control field 770804s1942 vauabf b s001 0 eng c
010 ## - LIBRARY OF CONGRESS CONTROL NUMBER
LC control number gs 43000055
035 ## - SYSTEM CONTROL NUMBER
System control number (OCoLC)3159894
040 ## - CATALOGING SOURCE
Original cataloging agency U.S. Geol. survey. Library
Transcribing agency LNU
Modifying agency DLC
042 ## - AUTHENTICATION CODE
Authentication code premarc
050 00 - LIBRARY OF CONGRESS CALL NUMBER
Classification number QE173
Item number .A2 no. 57
082 ## - DEWEY DECIMAL CLASSIFICATION NUMBER
Classification number 551.781
100 1# - MAIN ENTRY--PERSONAL NAME
Personal name Gildersleeve, Benjamin,
Dates associated with a name 1907-
245 10 - TITLE STATEMENT
Title Eocene of Virginia,
Statement of responsibility, etc. by Benjamin Gildersleeve.
260 ## - PUBLICATION, DISTRIBUTION, ETC.
Place of publication, distribution, etc. University, Va.,
Date of publication, distribution, etc. 1942.
300 ## - PHYSICAL DESCRIPTION
Extent xi, 43 p.
Other physical details illus. (incl. map) 6 pl. on 3 l.
Dimensions 23 cm.
490 0# - SERIES STATEMENT
Series statement Virginia. Geological survey. Bulletin 57
500 ## - GENERAL NOTE
General note At head of title: Commonwealth of Virginia. Virginia conservation commission. Virginia Geological survey. Arthur Bevan, state geologist.
502 ## - DISSERTATION NOTE
Dissertation note Issued also as thesis (Ph. D.) Johns Hopkins university.
504 ## - BIBLIOGRAPHY, ETC. NOTE
Bibliography, etc. note Bibliographical foot-notes.
650 #0 - SUBJECT ADDED ENTRY--TOPICAL TERM
Topical term or geographic name entry element Geology, Stratigraphic
Chronological subdivision Eocene.
650 #0 - SUBJECT ADDED ENTRY--TOPICAL TERM
Topical term or geographic name entry element Geology
Geographic subdivision Virginia.

No items available.

Powered by Koha